000 00443nam a22001697a 4500
003 NUST - PNEC
005 20170116181039.0
008 150921b xxu||||| |||| 00| 0 eng d
020 _a0750647744
040 _cLIBRARY
082 _a623.88 BIS
100 _911539
_aBist, D. S.
245 _aSafety and security at sea : a guide to safer voyages
_cD. S. Bist
260 _c2000
650 _911540
_aOcean travel
_xEL, ME
942 _2ddc
_cBK
999 _c68040
_d68040